Southville International School and Colleges
Your cart is empty.
  • Cart
  • Lists
    Public lists Eva Luna New books Lux_list list_1
    Your lists Log in to create your own lists
  • Log in to your account
  • Your cookies
  • Search history
Southville International School and Colleges
  • Advanced search
  • Recent comments
  • Most popular
  • Libraries

Log in to your account

Log in with GOOGLE


If you do not have an external account, but do have a local account, you can still log in:

  1. Home
  2. MARC view: Alexander and the wind-up mouse.
Normal view MARC view ISBD view

Alexander and the wind-up mouse. (Record no. 115131)

[ view plain ]
MARC details
000 -LEADER
fixed length control field 00398nam a2200157 a 4500
005 - DATE AND TIME OF LATEST TRANSACTION
control field 20140414132123.0
008 - FIXED-LENGTH DATA ELEMENTS--GENERAL INFORMATION
fixed length control field 131216s19uu xx 00 eng d
020 ## - INTERNATIONAL STANDARD BOOK NUMBER
International Standard Book Number 978039490914
050 ## - LIBRARY OF CONGRESS CALL NUMBER
Classification number ER
Item number Ale374 1997
100 ## - MAIN ENTRY--PERSONAL NAME
Personal name Lioni, Leo
245 ## - TITLE STATEMENT
Title Alexander and the wind-up mouse.
260 ## - PUBLICATION, DISTRIBUTION, ETC. (IMPRINT)
Place of publication, distribution, etc New York :
Name of publisher, distributor, etc Random House,
Date of publication, distribution, etc c1997.
300 ## - PHYSICAL DESCRIPTION
Extent 30
650 ## - SUBJECT ADDED ENTRY--TOPICAL TERM
Topical term or geographic name as entry element Mouse
General subdivision fiction
Holdings
Withdrawn status Lost status Damaged status Use restrictions Home library Current library Shelving location Date acquired Source of acquisition Cost, normal purchase price Total Checkouts Full call number Barcode Date last seen Price effective from Koha item type
        Munich Library Munich Library Easy Reading Section 12/16/2013   117.50   ER Ale374 1997 M7134 04/14/2014 04/14/2014 Books

Alexander and the wind-up mouse.

APA

Lioni L., . (1997). Alexander and the wind-up mouse. New York: Random House.

Chicago

Lioni Leo, . 1997. Alexander and the wind-up mouse. New York: Random House.

Harvard

Lioni L., . (1997). Alexander and the wind-up mouse. New York: Random House.

MLA

Lioni Leo, . Alexander and the wind-up mouse. New York: Random House. 1997.

  • Place hold
  • Print
  • Cite
  • Add to your cart (remove)
  • Save record
    BIBTEX Dublin Core MARCXML MARC (non-Unicode/MARC-8) MARC (Unicode/UTF-8) MARC (Unicode/UTF-8, Standard) MODS (XML) RIS
  • More searches
    Search for this title in:
    Other Libraries (WorldCat) Other Databases (Google Scholar) Online Stores (Bookfinder.com) Open Library (openlibrary.org)

Exporting to Dublin Core...

SOUTHVILLE LIBRARY

Southville International School and Colleges Library

1281 Tropical Ave. Cor. Luxembourg St., BF Homes International, Las Pinas City

Tel. No. 8256374 / 252358 Loc. 117/146

Powered by Koha